000 00464nam a2200193Ia 4500
008 210210b1939 xxu||||| |||| 00| 0 eng d
041 _aeng
082 _a335/373
100 _a-
245 _aProblem of surplus agricultural population
260 _aLondon
_bOxford University Press
_c1939
650 _asurplus
650 _aProblem
650 _apopulation
650 _aof
650 _aagricultural
690 _aIndian Economics
906 _a004715
999 _c127734
_d127734